Systémy sociálnej ochrany v globalizovanej dobe
Národné typy a systémy sociálnej ochrany. Reformy sociálneho pokrytia. Podmienky optimálnosti a životaschopnosti národného systému sociálnej ochrany. Konflikt medzi sociálnou solidaritou a ekonomickou výkonnosťou. Stratégia workfare. Flexicurita.
Guardado en:
| Autor principal: | |
|---|---|
| Otros Autores: | |
| Formato: | Capítulo de libro |
| Lenguaje: | eslovaco |
| Materias: | |
| Etiquetas: |
Sin Etiquetas, Sea el primero en etiquetar este registro!
|
MARC
| LEADER | 00000naa$a2200000$$$4500 | ||
|---|---|---|---|
| 001 | 0082962 | ||
| 005 | 20240502071931.5 | ||
| 041 | 0 | |a slo | |
| 044 | |a SK | ||
| 245 | 1 | 0 | |a Systémy sociálnej ochrany v globalizovanej dobe |c Iveta Dudová, Vojtech Stanek |
| 520 | |a Národné typy a systémy sociálnej ochrany. Reformy sociálneho pokrytia. Podmienky optimálnosti a životaschopnosti národného systému sociálnej ochrany. Konflikt medzi sociálnou solidaritou a ekonomickou výkonnosťou. Stratégia workfare. Flexicurita. | ||
| 610 | 2 | 0 | |a ochrana sociálna |
| 610 | 2 | 0 | |a pokrytie sociálne |
| 610 | 2 | 0 | |a globalizácia |
| 610 | 2 | 0 | |a výkonnosť |
| 610 | 2 | 0 | |a modely |
| 100 | 1 | |a Dudová, Iveta | |
| 700 | 1 | |a Stanek, Vojtech | |